Biodiversidad del departamento de Casanare (Registro nro. 17791)
[ vista simple ]
| 000 -CABECERA | |
|---|---|
| Campo de control | 01905cam a2200325 a 4500 |
| 005 - FECHA Y HORA DE LA ULTIMA TRANSACCION | |
| Campo de control | 20160316020002.0 |
| 008 - ELEMENTOS DE LONGITUD FIJA—INFORMACION GENERAL | |
| Campo de control | 130225s2011 ck abdo r 000 0 spa d |
| 020 ## - ISBN | |
| ISBN | 9789588353319 |
| 040 ## - FUENTE DE CATALOGACIÓN | |
| Agencia catalogadora original | CO-BoPUJ |
| Agencia transcriptora | CO-BoIAVH |
| Agencia Modificadora | CO-BoIAVH |
| 041 0# - IDIOMA | |
| Código de idioma para texto/pista de sonido o título separado | Español |
| 044 ## - PAÍS DE PUBLICACIÓN | |
| País de publicación | Colombia |
| 082 04 - NUMERO DE CLASIFICACION DECIMAL DEWEY | |
| Número de clasificación | 333.709861 |
| Número del ítem | U86b |
| 245 00 - MENCION DE TITULO | |
| Título | Biodiversidad del departamento de Casanare |
| Parte restante del título | identificación de ecosistemas estratégicos |
| Mención de responsabilidad | editores José Saulo Usma Oviedo & Fernando Trujillo González |
| 250 ## - MENCION DE EDICION | |
| Mención de edición | 1a ed. |
| 260 ## - PUBLICACION, DISTRIBUCION, ETC. (PIE DE IMPRENTA) | |
| Lugar de publicación, distribución, etc. | Casanare (Colombia): |
| Nombre del editor, distribuidor, etc. | Gobernación de Casanare; |
| -- | WWF; |
| Fecha de publicación, distribución, etc. | 2011. |
| 300 ## - DESCRIPCION FISICA | |
| Extensión | 286 páginas : |
| Otros detalles físicos | ilustraciones, diagramas, fotos, gráficas, mapas y tablas (algunas a color) ; |
| Dimensiones | 30 cm. |
| 504 ## - NOTA DE BIBLIOGRAFIA, ETC. | |
| Nota de bibliografía | Incluye referencias bibliográficas. |
| 505 0# - NOTA DE CONTENIDO | |
| Nota de contenido | Peces del Casanare.<br/>Anfibios del Casanare.<br/>Reptiles del Casanare.<br/>Mamíferos del Casanare.<br/>Diversidad cultural del departamento del Casanare.<br/>La conservación es pervivencia para los pueblos indígenas de Caño Mochuelo.<br/>La conservación privada del departamento del Casanare.<br/>Biodiversidad en las sabanas pluviales de Orocué, Casanare.<br/>Educación ambiental en Casanare: retos y oportunidades para el manejo de recursos naturales en el Piedemonte y la zona Andina.<br/>La educación ambiental como herramienta en la conservación de la Orinoquia. |
| 650 14 - ASIENTO SECUNDARIO DE MATERIA - TERMINO TEMATICO | |
| Término temático o nombre geográfico como elemento de entrada | Diversidad biológica |
| Subdivisión geográfica | Casanare (Colombia) |
| 9 (RLIN) | 38939 |
| 650 #4 - ASIENTO SECUNDARIO DE MATERIA - TERMINO TEMATICO | |
| Término temático o nombre geográfico como elemento de entrada | Biodiversidad |
| Subdivisión geográfica | Casanare (Colombia) |
| 9 (RLIN) | 38940 |
| 650 24 - ASIENTO SECUNDARIO DE MATERIA - TERMINO TEMATICO | |
| Término temático o nombre geográfico como elemento de entrada | Ecosistemas |
| Subdivisión geográfica | Casanare (Colombia) |
| 9 (RLIN) | 38941 |
| 650 24 - ASIENTO SECUNDARIO DE MATERIA - TERMINO TEMATICO | |
| Término temático o nombre geográfico como elemento de entrada | Economía ambiental |
| Subdivisión geográfica | Casanare (Colombia) |
| 9 (RLIN) | 38942 |
| 650 24 - ASIENTO SECUNDARIO DE MATERIA - TERMINO TEMATICO | |
| Término temático o nombre geográfico como elemento de entrada | Gestión ambiental |
| Subdivisión geográfica | Casanare (Colombia) |
| 9 (RLIN) | 38943 |
| 650 24 - ASIENTO SECUNDARIO DE MATERIA - TERMINO TEMATICO | |
| Término temático o nombre geográfico como elemento de entrada | Educación ambiental |
| Subdivisión geográfica | Casanare (Colombia) |
| 9 (RLIN) | 38944 |
| 650 24 - ASIENTO SECUNDARIO DE MATERIA - TERMINO TEMATICO | |
| Término temático o nombre geográfico como elemento de entrada | Fauna |
| Subdivisión geográfica | Casanare (Colombia) |
| 9 (RLIN) | 38945 |
| 650 24 - ASIENTO SECUNDARIO DE MATERIA - TERMINO TEMATICO | |
| Término temático o nombre geográfico como elemento de entrada | Flora |
| Subdivisión geográfica | Casanare (Colombia) |
| 9 (RLIN) | 38946 |
| 700 1# - ASIENTO SECUNDARIO - NOMBRE PERSONAL | |
| Nombre personal | Trujillo González, Fernando |
| Término de relación | Editor |
| 9 (RLIN) | 24475 |
| 700 1# - ASIENTO SECUNDARIO - NOMBRE PERSONAL | |
| Nombre personal | Usma Oviedo, José Saulo |
| Término de relación | Editor |
| 9 (RLIN) | 5094 |
| 942 ## - ELEMENTOS ADICIONALES (KOHA) | |
| Sistema de clasificación | Dewey Decimal Classification |
| Tipo de ítem | Libro |
| Koha issues (borrowed), all copies | 1 |
| Withdrawn status | Lost status | Sistema de Clasificación | Damaged status | No para préstamo | Colección | Inventariado | Ubicación Permanente | Ubicación actual | Fecha de adquisición | Fuente de Valor | Valor | Total Checkouts | Número topográfico | Inventario / Código de Barras | Date last seen | Date checked out | Ejemplar | Price effective from | Forma de adquisición | Tipo de material |
|---|---|---|---|---|---|---|---|---|---|---|---|---|---|---|---|---|---|---|---|---|
| Dewey Decimal Classification | General | Inventariado 2017 | Bogotá | Bogotá | 18/09/2015 | Instituto | 39000.00 | 1 | LB-333.709861 U86b | 035209 | 15/03/2016 | 15/03/2016 | Ej. 1 | 18/09/2015 | Libro | |||||
| Dewey Decimal Classification | Procesos Técnicos | General | Inventariado 2017 | Sala Fabio Quevedo | Sala Fabio Quevedo | 22/09/2015 | Instituto | 39000.00 | LB-333.709861 U86b | 035218 | 22/09/2015 | Ej. 2 | 22/09/2015 | Libro |